LEADER 01028nam a2200253 u 4500 001 000000107219 003 CaOOAMICUS 005 20070927110252.0 008 070927s1992 it u000 u ita u 020 $a88-372-1469-3 040 $aPUL$bita$dLDB 245 00$aLibertà e obbedienza nella Chiesa. 260 $aBrescia :$bMorcelliana,$cc1992. 300 $a302 p. ;$c21 cm 490 1 $aQuaderni teologici del Seminario di Brescia ;$v02 504 $aContiene indicazioni bibliografiche. 650 4$aObbedienza.$0(OLS)http://pul/subject/19955 830 0$aQuaderni teologici del Seminario di Brescia ;$v02.$0(OLS)http://pul/title/53676 850 $aPUL 852 $aPUL$W1$xSL Religione 1$y3$m56 B 46$j121807$qStampati$B120794$CPULBib$Z2$F120794 $H70181 $82 941 1 $a8 996 $6020$a88-372-1469-3$9(OLS)http://pul/number/135728 996 $6245$aLibertà e obbedienza nella Chiesa$9(OLS)http://pul/title/135014 996 $6260$aBrescia :$bMorcelliana$9(OLS)http://pul/publisher/47854 LEADER 01217nam a2200289 u 4500 001 000000051954 003 CaOOAMICUS 005 20070226115408.0 008 001004s1999 it u000 u ita u 020 $a8839607595 035 $a10857199 040 $aPUL$bita 100 1 $aKorzeniowski, Ireneusz,$d1964-$0(OLS)http://pul/name/26695 245 10$aFede e atto di fede in Louis Billot :$buna ricognizione storico-teologica /$cIreneusz Korzeniowski. 260 $aRoma :$bEdizioni Dehoniane,$cc1999. 300 $a167 p. ;$c25 cm 490 1 $aContributi teologici 504 $aBibliografia: p. [155]-163. 600 14$aBillot, Louis,$cS.I.,$d1846-1931.$0(OLS)http://pul/subject/21776 830 0$aContributi teologici.$0(OLS)http://pul/title/18578 850 $aPUL 852 $aPUL$W1$xSL Religione 1$y3$m58 F 79$j68753$nBK-PRI$b $qStampati$B68753$CPULBib$Z2$F68753 $H $81 941 1 $a8 961 $aINV: 83006 996 $6020$a8839607595$9(OLS)http://pul/number/65699 996 $6245$aFede e atto di fede in Louis Billot :$buna ricognizione storico-teologica$9(OLS)http://pul/title/69717 996 $6260$aRoma :$bEdizioni Dehoniane$9(OLS)http://pul/publisher/50059